000 00651nam a22001577a 4500
999 _c13862
_d13862
008 190426b ||||| |||| 00| 0 eng d
082 _22018
_aUT 1264
_bD71
100 _aDomipal, Meriel E.
_938572
245 _aCareer assessment and scholastic performance in taking bachelor of secondary education major in mathematics /
_cMeriel E. Domipal, Cyril Claire A. Gonzales, and John Mark E. Lagon.
260 _aDigos City:
_bUMDC,
_cNovember 2018.
300 _a64 pages;
_c29 cm.
650 _aEducation
_vMathematics
_xUndergraduate thesis.
_938573
700 _aGonzales, Cyril Claire A.
_938574
700 _aLagon, John Mark E.
_938575
942 _2ddc
_cUT